Read your Mind - Sabrina Carpenter - Statistics

General Stats
  • This quiz has been taken 66 times
  • The average score is 353 of 392
Answer Stats
Hint Answer % Correct
be
100%
can't
100%
I
100%
mind
100%
never
100%
read
100%
Say
100%
say
100%
that
100%
we
100%
were
100%
you
100%
You
100%
your
100%
a
95%
and
95%
and,
95%
at
95%
baby,
95%
but
95%
But
95%
casual
95%
friend
95%
friend)
95%
know
95%
me
95%
me,
95%
mine?
95%
my
95%
(My
95%
not
95%
(Not)
95%
to
95%
To
95%
want
95%
(Want
95%
when
95%
When
95%
You're
95%
all
90%
alone
90%
call
90%
call)
90%
could
90%
crossin'
90%
day,
90%
if
90%
line
90%
might
90%
night
90%
our
90%
the
90%
time
90%
(Time)
90%
told
90%
Wastin'
90%
why,
90%
Why
90%
(Why)
90%
Don't
85%
it
85%
it?
85%
need
85%
Oh,
85%
think
85%
(Think)
85%
fuss
80%
(Fuss)
80%
gonna
80%
in
80%
it's
80%
just
80%
what's
80%
beck
75%
clear
75%
Got
75%
happen
75%
have
75%
I'm
75%
Verse 1 Made
75%
on
75%
wanna
75%
easy
70%
face
70%
gotta
70%
I'll
70%
laughin'
70%
life
70%
lonely
70%
look
70%
make
70%
reality
70%
room,
70%
tell
70%
Verse 2 Tell
70%
tryin'
70%
changed
65%
close
65%
did
65%
live
65%
really
65%
second
65%
So
65%
ease
60%
feelin'
60%
get
60%
guessin'
60%
hard,
60%
miss
60%
tension,
60%
up
60%
way
60%
'Cause
55%
Pre-Chorus Decompressin',
55%
like
55%
message
55%
stressin',
55%
tryna
55%
checkin',
50%
Pre-Chorus Double
50%
Finally
50%
intended?
50%
sneak
50%
Sneak
50%
found
45%
No matching quizzes found
Score Distribution
Percent of People with Each Score
Percentile by Number Answered
Your Score History
You have not taken this quiz